<?xml version="1.0" encoding="UTF-8"?><?xml-stylesheet type="text/xsl" href="static/style.xsl"?><OAI-PMH xmlns="http://www.openarchives.org/OAI/2.0/" xmlns:xsi="http://www.w3.org/2001/XMLSchema-instance" xsi:schemaLocation="http://www.openarchives.org/OAI/2.0/ http://www.openarchives.org/OAI/2.0/OAI-PMH.xsd"><responseDate>2026-04-13T01:17:16Z</responseDate><request verb="GetRecord" identifier="oai:www.recercat.cat:11351/11668" metadataPrefix="marc">https://recercat.cat/oai/request</request><GetRecord><record><header><identifier>oai:recercat.cat:11351/11668</identifier><datestamp>2025-10-24T02:03:19Z</datestamp><setSpec>com_2072_378070</setSpec><setSpec>com_2072_378040</setSpec><setSpec>col_2072_378092</setSpec></header><metadata><record xmlns="http://www.loc.gov/MARC21/slim" xmlns:dcterms="http://purl.org/dc/terms/" xmlns:xsi="http://www.w3.org/2001/XMLSchema-instance" xmlns:doc="http://www.lyncode.com/xoai" xsi:schemaLocation="http://www.loc.gov/MARC21/slim http://www.loc.gov/standards/marcxml/schema/MARC21slim.xsd">
   <leader>00925njm 22002777a 4500</leader>
   <datafield ind2=" " ind1=" " tag="042">
      <subfield code="a">dc</subfield>
   </datafield>
   <datafield ind2=" " ind1=" " tag="720">
      <subfield code="a">Robado de Lope, Lucía</subfield>
      <subfield code="e">author</subfield>
   </datafield>
   <datafield ind2=" " ind1=" " tag="720">
      <subfield code="a">Serna-Blasco, Roberto</subfield>
      <subfield code="e">author</subfield>
   </datafield>
   <datafield ind2=" " ind1=" " tag="720">
      <subfield code="a">Diz Tain, Pilar</subfield>
      <subfield code="e">author</subfield>
   </datafield>
   <datafield ind2=" " ind1=" " tag="720">
      <subfield code="a">provencio, mariano</subfield>
      <subfield code="e">author</subfield>
   </datafield>
   <datafield ind2=" " ind1=" " tag="720">
      <subfield code="a">Nadal, Ernest</subfield>
      <subfield code="e">author</subfield>
   </datafield>
   <datafield ind2=" " ind1=" " tag="720">
      <subfield code="a">Massuti, Bartomeu</subfield>
      <subfield code="e">author</subfield>
   </datafield>
   <datafield ind2=" " ind1=" " tag="720">
      <subfield code="a">MARTINEZ-MARTI, ALEX</subfield>
      <subfield code="e">author</subfield>
   </datafield>
   <datafield ind2=" " ind1=" " tag="260">
      <subfield code="c">2024-07-04T12:07:20Z</subfield>
   </datafield>
   <datafield ind2=" " ind1=" " tag="260">
      <subfield code="c">2024-07-04T12:07:20Z</subfield>
   </datafield>
   <datafield ind2=" " ind1=" " tag="260">
      <subfield code="c">2024-06-26</subfield>
   </datafield>
   <datafield ind2=" " ind1=" " tag="520">
      <subfield code="a">BRAF; Immunotherapy; NSCLC</subfield>
   </datafield>
   <datafield ind2=" " ind1=" " tag="520">
      <subfield code="a">BRAF; Immunoteràpia; NSCLC</subfield>
   </datafield>
   <datafield ind2=" " ind1=" " tag="520">
      <subfield code="a">BRAF; Inmunoterapia; NSCLC</subfield>
   </datafield>
   <datafield ind2=" " ind1=" " tag="520">
      <subfield code="a">Background&#xd;
Immunotherapy-based treatments have demonstrated high efficacy in patients with advanced and locally advanced non-small-cell lung cancer (NSCLC). BRAF mutations affect a small but significant fraction of NSCLC. The efficacy of these therapies in this subgroup of patients is unknown.&#xd;
Materials and methods&#xd;
Plasma and tissue samples from 116 resectable stage IIIA/B NSCLC patients, included in NADIM and NADIM II clinical trials (NADIM cohort), and from a prospective academic cohort with 84 stage IV NSCLC patients (BLI-O cohort), were analyzed by next-generation sequencing.&#xd;
Results&#xd;
The p.G464E, p.G466R, p.G466V, p.G469V, p.L597Q, p.T599I, p.V600E (n = 2) BRAF mutations, were identified in four (3.45 %) samples from the NADIM cohort, all of which were cases treated with neoadjuvant chemoimmunotherapy (CH-IO), and four (4.76 %) samples from the BLI-O cohort, corresponding to cases treated with first-line immunotherapy (n = 2) or CH-IO (n = 2). All these patients were alive and had no evidence of disease at data cut-off. Conversely, patients with BRAF wild-type (wt) tumors in the BLI-O cohort had a median progression-free survival (PFS) of 5.49 months and a median overall survival (OS) of 12.00 months (P-LogRank = 0.013 and 0.046, respectively). Likewise, PFS and OS probabilities at 36 months were 60.5 % and 76.1 % for patients with BRAF-wt tumors in the NADIM cohort. The pathological complete response (pCR) rate after neoadjuvant CH-IO in patients with BRAF-positive tumors (n = 4) was 100 %, whereas the pCR rate in the BRAF-wt population was 44.3 % (RR: 2.26; 95 % CI: 1.78–2.85; P &lt; 0.001).&#xd;
Conclusion&#xd;
BRAF mutations may be a good prognostic factor for advanced and locally advanced NSCLC patients undergoing immunotherapy-based treatments.</subfield>
   </datafield>
   <datafield ind2=" " ind1=" " tag="520">
      <subfield code="a">This study was funded by Bristol-Myers Squibb. The study was also supported by the European Union Horizon 2020 Research and Innovation program (European Commission) under grant agreement no. 875160. In addition, the project received funds from Instituto de Salud Carlos III (ISCIII) PI19/01652, PI21/01500 (Co-funded by European Regional Development Fund/ European Social Fund ‘A way to make Europe’/‘Investing in your future’ from European Commission) and grant RTC2019-007359–1 (BLI- O) from the Ministry of Science and Innovation. A.C-B. is supported by Sara Borrell fellowship grant n°CD19/00170. Instituto de Salud Carlos III (ISCIII). L R dL is supported by grant JDC2022-049091-I The Spanish State Research Agency.</subfield>
   </datafield>
   <datafield tag="653" ind2=" " ind1=" ">
      <subfield code="a">Avaluació de resultats (Assistència sanitària)</subfield>
   </datafield>
   <datafield tag="653" ind2=" " ind1=" ">
      <subfield code="a">Anomalies cromosòmiques</subfield>
   </datafield>
   <datafield tag="653" ind2=" " ind1=" ">
      <subfield code="a">Pulmons - Càncer - Immunoteràpia</subfield>
   </datafield>
   <datafield tag="653" ind2=" " ind1=" ">
      <subfield code="a">Pulmons - Càncer - Aspectes genètics</subfield>
   </datafield>
   <datafield tag="653" ind2=" " ind1=" ">
      <subfield code="a">PHENOMENA AND PROCESSES::Genetic Phenomena::Genetic Variation::Mutation</subfield>
   </datafield>
   <datafield tag="653" ind2=" " ind1=" ">
      <subfield code="a">DISEASES::Neoplasms::Neoplasms by Site::Thoracic Neoplasms::Respiratory Tract Neoplasms::Lung Neoplasms::Bronchial Neoplasms::Carcinoma, Bronchogenic::Carcinoma, Non-Small-Cell Lung</subfield>
   </datafield>
   <datafield tag="653" ind2=" " ind1=" ">
      <subfield code="a">Other subheadings::Other subheadings::Other subheadings::/drug therapy</subfield>
   </datafield>
   <datafield tag="653" ind2=" " ind1=" ">
      <subfield code="a">ANALYTICAL, DIAGNOSTIC AND THERAPEUTIC TECHNIQUES, AND EQUIPMENT::Therapeutics::Biological Therapy::Immunomodulation::Immunotherapy</subfield>
   </datafield>
   <datafield tag="653" ind2=" " ind1=" ">
      <subfield code="a">ANALYTICAL, DIAGNOSTIC AND THERAPEUTIC TECHNIQUES, AND EQUIPMENT::Diagnosis::Prognosis::Treatment Outcome::Progression-Free Survival</subfield>
   </datafield>
   <datafield tag="653" ind2=" " ind1=" ">
      <subfield code="a">FENÓMENOS Y PROCESOS::fenómenos genéticos::variación genética::mutación</subfield>
   </datafield>
   <datafield tag="653" ind2=" " ind1=" ">
      <subfield code="a">ENFERMEDADES::neoplasias::neoplasias por localización::neoplasias torácicas::neoplasias del tracto respiratorio::neoplasias pulmonares::neoplasias de los bronquios::carcinoma broncogénico::carcinoma de pulmón de células no pequeñas</subfield>
   </datafield>
   <datafield tag="653" ind2=" " ind1=" ">
      <subfield code="a">Otros calificadores::Otros calificadores::Otros calificadores::/farmacoterapia</subfield>
   </datafield>
   <datafield tag="653" ind2=" " ind1=" ">
      <subfield code="a">TÉCNICAS Y EQUIPOS ANALÍTICOS, DIAGNÓSTICOS Y TERAPÉUTICOS::terapéutica::terapia biológica::inmunomodulación::inmunoterapia</subfield>
   </datafield>
   <datafield tag="653" ind2=" " ind1=" ">
      <subfield code="a">TÉCNICAS Y EQUIPOS ANALÍTICOS, DIAGNÓSTICOS Y TERAPÉUTICOS::diagnóstico::pronóstico::resultado del tratamiento::supervivencia libre de progresión</subfield>
   </datafield>
   <datafield ind2="0" ind1="0" tag="245">
      <subfield code="a">BRAF mutational status is associated with survival outcomes in locally advanced resectable and metastatic NSCLC</subfield>
   </datafield>
</record></metadata></record></GetRecord></OAI-PMH>